| 000 | 00516 a2200157 4500 | ||
|---|---|---|---|
| 001 | ART_3673 | ||
| 005 | 20260410161717.0 | ||
| 008 | 260409a | ||
| 245 | 1 | 0 | _aRegímenes tecnológico, de conocimiento y competencia en diferentes formas organizacionales |
| 100 | 1 | _aErbes, Analía | |
| 700 | 1 | _aRobert, Verónica | |
| 700 | 1 | _aYoguel, Gabriel | |
| 700 | 1 | _aBorello, José | |
| 700 | 1 | _aLebendinsky, Viviana | |
| 773 | 0 |
_tDesarrollo económico _g- Vol. 46, Nº 181 (abr./jun. 2006) _wREV1174 |
|
| 999 |
_c16604 _d16604 |
||